01289nam a2200277 a 4500001001000000005001700010041000800027044000700035084002000042100004500062245016300107250000600270260004000276300001700316500011700333500013900450500010400589500001000693546002400703650005200727650005600779650003400835650004500869700004700914740005000961BRCA_343320190320204259.0 aita ait a722b.S29c17381 aCervantes Saavedra, Miguel ded1547-161610aDell´Ingegnoso Cittadino Don Chisciotte della ManciacComposto da Michel di Cervantes Saavedra et hora nuovamente tradotta da Lorenzo Franciosini Fiorentino. a4 aVeneciabPer Girolamo Savionic1738 a2 v.c13 cm. aContenido : v.1. Primera parte. Advertencia del traductor. Prólogo y licencia del autor. -- v.2. Segunda parte aEdición : In questa 4a. Impressione corretta, e migliorata con la Traduzione de´ versi Spagnuoli, non tradotti nella prima edizione aCuarta edición de la traducción de Franciosini, igual a la anterior. Pergamino Lúdovik Osterc aQM541 aTexto en : italiano14aNovela españolayÉpoca clásica, 1500-170014aLiteratura españolayÉpoca clásica, 1500-170014aNovela españolaySiglo XVII14aDon Quijote (Personaje ficticio)eNovela1 aFranciosini Fiorentino, LorenzoeTraductor0 aEl Ingenioso Hidalgo Don Quijote de la Mancha